000 00547aas a22001814i 4500
999 _c49682
_d49682
001 768714001
003 CO-MdFUSB
005 20180410150335.0
008 170428s1993 sp ||||| |||| 00| 0 spa d
040 _aCO-MdFUSB
_bspa
_cCO-MdFUSB
_dCO-MdFUSB
041 _aspa
100 1 _aSanjaime, Pedro
_eautor
245 0 3 _aEl líder como modelo
300 _aVolumen 4, (1993) páginas 23 - 33
_c: 21 cm.
650 0 _91176
_aServicio social religioso
773 0 _tAndamio
_049451
_960448
_gVolumen 4, (1993) páginas 23 - 33
_qPágina 23
942 _cANA